| 000 -LEADER | |
|---|---|
| fixed length control field | 00393nam a22001577a 4500 |
| 005 - DATE AND TIME OF LATEST TRANSACTION | |
| control field | 20190621121400.0 |
| 008 - FIXED-LENGTH DATA ELEMENTS--GENERAL INFORMATION | |
| fixed length control field | 190621b xxu||||| |||| 00| 0 eng d |
| 020 ## - INTERNATIONAL STANDARD BOOK NUMBER | |
| ISBN | 978-81-224-2589-5 |
| 041 ## - LANGUAGE CODE | |
| Language code of text/sound track or separate title | eng |
| 100 ## - MAIN ENTRY--AUTHOR NAME | |
| Personal name | TRIPATHI, A.N. |
| 245 ## - TITLE STATEMENT | |
| Title | HUMAN VALUES |
| 250 ## - EDITION STATEMENT | |
| Edition statement | 3rd, Ed. 2009 |
| 260 ## - PUBLICATION, DISTRIBUTION, ETC. (IMPRINT) | |
| Place of publication | NEW DELHI |
| Name of publisher | NEW AGE INTERNATIONAL ( P) LTD |
| Year of publication | 2009 |
| 300 ## - PHYSICAL DESCRIPTION | |
| Number of Pages | 327p, |
| 942 ## - ADDED ENTRY ELEMENTS (KOHA) | |
| Koha item type | Books |
| Lost status | Damaged status | Home library | Current library | Shelving location | Date acquired | Source of acquisition | Cost, normal purchase price | Full call number | Accession Number | Koha item type |
|---|---|---|---|---|---|---|---|---|---|---|
| JRU Library | JRU Library | Shelf - 25- F | 21/06/2019 | PURCHESS | 199.00 | 574.04 | 23110 | Books | ||
| JRU Library | SHELF-6-D | 21/06/2019 | PURCHESS | 199.00 | 574.04 | 23111 | Books | |||
| JRU Library | JRU Library | Shelf - 25- F | 21/06/2019 | PURCHESS | 199.00 | 574.04 | 23112 | Books | ||
| JRU Library | JRU Library | Shelf - 25- F | 21/06/2019 | PURCHESS | 199.00 | 574.04 | 23113 | Books | ||
| JRU Library | JRU Library | Shelf - 25- F | 21/06/2019 | PURCHESS | 199.00 | 574.04 | 23114 | Books | ||
| JRU Library | JRU Library | Shelf - 25- F | 21/06/2019 | PURCHESS | 199.00 | 574.04 | 23115 | Books | ||
| JRU Library | JRU Library | Shelf - 25- F | 21/06/2019 | PURCHESS | 199.00 | 574.04 | 23116 | Books | ||
| JRU Library | JRU Library | Shelf - 25- F | 21/06/2019 | PURCHESS | 199.00 | 574.04 | 23117 | Books | ||
| JRU Library | JRU Library | Shelf - 25- F | 21/06/2019 | PURCHESS | 199.00 | 574.04 | 23118 | Books | ||
| JRU Library | JRU Library | Shelf - 25- F | 21/06/2019 | PURCHESS | 199.00 | 574.04 | 23119 | Books |